[Event "2nd Irena Warakomska Memorial-A"]
[Site "Suwalki"]
[Date "2018.08.07"]
[Round "8"]
[White "Sliwicka, Alicja"]
[Black "Budrewicz, Krzysztof"]
[Result "1/2-1/2"]
[WhiteElo "2293"]
[BlackElo "2203"]
[Annotator "NA"]
[PlyCount "150"]
[EventDate "2018.08.01"]
[EventType "swiss"]
[EventCountry "POL"]
[SourceTitle "playchess.com"]
[Source "ChessBase"]
[SourceQuality "1"]
[TimeControl "40/5400+30:1800+30"]

1. e4 {[%emt 0:00:00]} g6 {[%emt 0:00:00]} 2. d4 {[%emt 0:00:00]} Bg7 {[%emt 0:00:00]} 3. Nc3 {[%emt 0:00:00]} d6 {[%emt 0:00:11]} 4. f4 {[%emt 0:00:00]} Nf6 {[%emt 0:00:12]} 5. Nf3 {[%emt 0:00:00]} O-O {[%emt 0:00:07]} 6. Bd3 {[%emt 0:00:00]} Na6 {[%emt 0:00:38]} 7. O-O {[%emt 0:00:11]} c5 {[%emt 0:00:41]} 8. d5 Bg4 {[%emt 0:06:44]} 9. Kh1 {[%emt 0:00:18]} Rb8 {[%emt 0:03:22]} 10. h3 {[%emt 0:00:12]} Bxf3 {[%emt 0:00:31]} 11. Rxf3 {[%emt 0:00:10]} Nc7 {[%emt 0:00:36]} 12. a4 e6 {[%emt 0:07:40]} 13. dxe6 {[%emt 0:09:14]} Nxe6 {[%emt 0:06:43]} 14. Bc4 {[%emt 0:14:07]} Nd4 {[%emt 0:01:24]} 15. Rd3 {[%emt 0:04:41]} Re8 {[%emt 0:02:10]} 16. Be3 Nxe4 {[%emt 0:01:41]} 17. Nxe4 {[%emt 0:09:47]} Rxe4 {[%emt 0:00:04]} 18. Bd5 {[%emt 0:00:33]} Re8 {[%emt 0:04:45]} 19. c3 {[%emt 0:03:41]} Nf5 {[%emt 0:00:06]} 20. Bf2 {[%emt 0:00:48]} Qc7 {[%emt 0:29:36]} 21. b3 {[%emt 0:03:16]} a6 {[%emt 0:02:21]} 22. a5 {[%emt 0:03:23]} Ne7 {[%emt 0:01:52]} 23. Qf3 {[%emt 0:05:23]} Nxd5 {[%emt 0:00:56]} 24. Rxd5 {[%emt 0:07:02]} Rbd8 {[%emt 0:01:33]} 25. Bh4 {[%emt 0:03:16]} Rc8 {[%emt 0:03:09]} 26. f5 {[%emt 0:01:26]} Re5 {[%emt 0:02:15]} 27. f6 {[%emt 0:01:20]} Rxd5 {[%emt 0:01:31]} 28. Qxd5 {[%emt 0:00:14]} Bf8 {[%emt 0:00:09]} 29. Re1 {[%emt 0:02:56]} Qc6 {[%emt 0:00:37]} 30. Qd2 {[%emt 0:05:29]} Re8 {[%emt 0:00:38]} 31. Rxe8 {[%emt 0:02:21]} Qxe8 {[%emt 0:00:05]} 32. c4 {[%emt 0:04:55]} Qe4 {[%emt 0:04:46]} 33. Bg3 {[%emt 0:02:06]} Qe6 34. Qf4 Qf5 {[%emt 0:03:02]} 35. Kh2 {[%emt 0:07:10]} h6 {[%emt 0:01:54]} 36. h4 {[%emt 0:02:49]} h5 {[%emt 0:00:15]} 37. Qf3 {[%emt 0:01:34]} Qd7 {[%emt 0:00:42]} 38. Bf4 {[%emt 0:00:55]} Kh7 {[%emt 0:00:21]} 39. Bg3 {[%emt 0:01:15]} Qc6 {[%emt 0:03:26]} 40. Qd3 {[%emt 0:00:00]} Kg8 {[%emt 0:00:00]} 41. Bf4 {[%emt 0:02:07]} d5 {[%emt 0:06:55]} 42. cxd5 {[%emt 0:03:19]} Qxf6 {[%emt 0:00:07]} 43. Qg3 {[%emt 0:00:35]} Qd4 {[%emt 0:06:06]} 44. d6 {[%emt 0:04:03]} Bg7 {[%emt 0:00:07]} 45. Be3 {[%emt 0:04:46]} Qd5 {[%emt 0:00:44]} 46. Bf4 {[%emt 0:00:04]} Bf6 {[%emt 0:00:52]} 47. Qe3 {[%emt 0:01:49]} Qc6 {[%emt 0:09:42]} 48. Bg3 {[%emt 0:06:05]} Bd8 {[%emt 0:04:41]} 49. Qe5 {[%emt 0:02:02]} Kh7 {[%emt 0:02:20]} 50. Be1 {[%emt 0:00:47]} Qd7 {[%emt 0:02:53]} 51. Qxc5 {[%emt 0:00:48]} Qe6 {[%emt 0:03:39]} 52. Bg3 {[%emt 0:00:34]} f6 {[%emt 0:00:27]} 53. b4 {[%emt 0:00:51]} Kg7 {[%emt 0:00:06]} 54. Qa7 {[%emt 0:01:30]} Qd7 {[%emt 0:00:35]} 55. Qe3 {[%emt 0:00:05]} Qf7 {[%emt 0:00:32]} 56. Qe4 {[%emt 0:02:39]} Qd7 {[%emt 0:00:13]} 57. Qf3 {[%emt 0:01:14]} Qc6 {[%emt 0:00:17]} 58. Qd3 {[%emt 0:01:45]} Qd7 {[%emt 0:00:16]} 59. Bf2 {[%emt 0:00:36]} Qb5 {[%emt 0:01:06]} 60. Qd2 {[%emt 0:04:37]} Qc4 {[%emt 0:01:52]} 61. Bg3 {[%emt 0:00:46]} Qe6 {[%emt 0:01:02]} 62. d7 {[%emt 0:01:17]} Kf7 {[%emt 0:00:26]} 63. Qh6 {[%emt 0:00:48]} Qxd7 {[%emt 0:02:43]} 64. Qh7+ {[%emt 0:00:04]} Ke8 {[%emt 0:00:09]} 65. Qg8+ {[%emt 0:00:26]} Ke7 {[%emt 0:00:04]} 66. Qxg6 {[%emt 0:00:25]} Qd5 {[%emt 0:00:12]} 67. Qh6 {[%emt 0:01:46]} Kd7 {[%emt 0:00:19]} 68. Qf4 {[%emt 0:00:12]} Be7 {[%emt 0:00:16]} 69. Qc7+ {[%emt 0:01:24]} Ke6 {[%emt 0:00:20]} 70. Qb8 {[%emt 0:01:22]} Kf7 {[%emt 0:00:15]} 71. Qc7 {[%emt 0:00:26]} Qe4 {[%emt 0:02:09]} 72. Qd7 {[%emt 0:01:00]} Kf8 {[%emt 0:02:16]} 73. b5 {[%emt 0:00:17]} axb5 {[%emt 0:00:29]} 74. Qxb5 {[%emt 0:00:06]} f5 {[%emt 0:00:06]} 75. Qb6 {[%emt 0:01:35]} Kg7 {[%emt 0:01:52]} 1/2-1/2

[Event "2nd Irena Warakomska Memorial-A"]
[Site "Suwalki"]
[Date "2018.08.07"]
[Round "8"]
[White "Chylewski, Patryk"]
[Black "Kashlinskaya, Alina"]
[Result "1/2-1/2"]
[WhiteElo "2270"]
[BlackElo "2435"]
[Annotator "NA"]
[PlyCount "55"]
[EventDate "2018.08.01"]
[EventType "swiss"]
[EventCountry "POL"]
[SourceTitle "playchess.com"]
[Source "ChessBase"]
[SourceQuality "1"]
[TimeControl "40/5400+30:1800+30"]

1. e4 {[%emt 0:00:00]} e6 {[%emt 0:00:00]} 2. d4 {[%emt 0:00:00]} d5 {[%emt 0:00:00]} 3. Nd2 {[%emt 0:00:00]} Be7 {[%emt 0:00:06]} 4. Bd3 {[%emt 0:02:37]} c5 {[%emt 0:00:21]} 5. dxc5 {[%emt 0:00:13]} Nf6 {[%emt 0:00:16]} 6. exd5 {[%emt 0:00:36]} Nxd5 {[%emt 0:04:49]} 7. Nb3 {[%emt 0:03:54]} O-O {[%emt 0:02:24]} 8. Nf3 {[%emt 0:00:43]} Nd7 {[%emt 0:07:07]} 9. O-O {[%emt 0:02:51]} Nxc5 {[%emt 0:05:22]} 10. Nxc5 {[%emt 0:00:11]} Bxc5 {[%emt 0:00:05]} 11. c4 {[%emt 0:07:34]} Nf6 {[%emt 0:11:21]} 12. Bg5 {[%emt 0:02:47]} h6 {[%emt 0:01:36]} 13. Bh4 {[%emt 0:02:34]} b6 {[%emt 0:01:33]} 14. Qe2 {[%emt 0:05:45]} Bb7 {[%emt 0:02:10]} 15. Ne5 {[%emt 0:06:15]} Qd4 {[%emt 0:10:45]} 16. Bg3 {[%emt 0:04:12]} Be7 {[%emt 0:01:24]} 17. Rfd1 {[%emt 0:03:38]} Qc5 {[%emt 0:02:16]} 18. Rd2 {[%emt 0:06:42]} Rad8 {[%emt 0:01:40]} 19. Rad1 {[%emt 0:01:47]} Qc8 {[%emt 0:02:29]} 20. Bh4 {[%emt 0:08:25]} Qa8 {[%emt 0:02:36]} 21. Ng4 {[%emt 0:16:19]} Qc8 {[%emt 0:15:24]} 22. Bxf6 {[%emt 0:06:52]} Bxf6 {[%emt 0:00:13]} 23. Nxf6+ {[%emt 0:00:12]} gxf6 {[%emt 0:00:05]} 24. Qg4+ {[%emt 0:01:09]} Kh8 {[%emt 0:00:06]} 25. Qh4 {[%emt 0:00:42]} Kg7 {[%emt 0:00:11]} 26. Qg4+ {[%emt 0:05:33]} Kh8 {[%emt 0:00:05]} 27. Qh4 {[%emt 0:00:03]} Kg7 {[%emt 0:00:13]} 28. Qg4+ {[%emt 0:02:48]} 1/2-1/2

[Event "2nd Irena Warakomska Memorial-A"]
[Site "Suwalki"]
[Date "2018.08.07"]
[Round "8"]
[White "Bykovskiy, Oleg"]
[Black "Grib, Roman"]
[Result "1/2-1/2"]
[WhiteElo "2263"]
[BlackElo "2445"]
[Annotator "TA"]
[PlyCount "97"]
[EventDate "2018.08.01"]
[EventType "swiss"]
[EventCountry "POL"]
[SourceTitle "playchess.com"]
[Source "ChessBase"]
[SourceQuality "1"]

{[%evp 31,97,56,67,68,66,67,64,58,71,62,76,83,78,75,83,74,97,101,115,108,108,107,114,82,77,77,92,97,94,90,91,86,108,86,86,86,86,86,85,78,80,79,83,84,91,84,93,87,105,105,108,108,114,108,108,108,127,127,134,135,151,151,151,151,151,151,151,118]} 1. e4 c5 2. Nf3 d6 3. d4 cxd4 4. Nxd4 Nf6 5. Nc3 g6 6. Be3 Bg7 7. f3 O-O 8. Qd2 Nc6 {[%cal Bb8c6,Bc6d4,Bd4f5,Bf5e3][%mdl 32]} 9. O-O-O d5 10. Kb1 Nxd4 11. e5 Nf5 12. exf6 exf6 {B76: Sicilian Dragon: Yugoslav Attack, 9 g4 and 9 0-0-0} 13. Bc5 (13. Nxd5 Nxe3 14. Qxe3 Be6 15. Bc4 f5 16. Nc3 Qe7 17. Bxe6 fxe6 18. Rhe1 Rfe8 19. Nb5 Qb4 20. Qb3 Qxb3 21. axb3 {½-½ (48) Andreikin,D (2713)-Morozevich,A (2760) Moscow 2013}) 13... d4 14. Bxf8 Qxf8 15. Nb5 Be6 16. Bd3 Ne3 {LiveBook: 3 Games} 17. Nxd4 Nxd1 18. Nxe6 fxe6 19. Rxd1 Qc5 20. Qe2 Qb6 $146 21. Bc4 Re8 22. a4 f5 {[%csl Gg7][%cal Rb6b2] [#]} 23. Bb3 Kh8 24. Rd7 a6 25. Qd2 Qc6 26. Rd6 Qc5 27. Rxe6 Rxe6 28. Bxe6 Qb6 {[%csl Gg7][%cal Rb6b2] [#]} 29. Bb3 Qd4 30. Qxd4 Bxd4 $16 {[%mdl 4096] Endgame KB-KB} 31. a5 b6 32. axb6 Bxb6 33. Bc4 a5 34. Ka2 Bc7 35. h3 Kg7 36. Kb3 Kf6 37. Bg8 h6 38. c4 {[%cal Bc2c4,Bc4c5][%mdl 32]} Ke5 39. Ka4 g5 40. Kb5 Kd6 41. c5+ Ke7 42. Kc6 Be5 43. b3 Bd4 44. Kd5 Bf2 45. Be6 {White is clearly better.} h5 46. c6 {White threatens c7 and mate.} Bg3 47. Bxf5 h4 48. Kc5 Bc7 49. Be4 {Precision: White = 85%, Black = 64%.} 1/2-1/2

[Event "2nd Irena Warakomska Memorial-A"]
[Site "Suwalki"]
[Date "2018.08.07"]
[Round "8"]
[White "Krzywda, Andrzej"]
[Black "Paprocki, Jaroslaw"]
[Result "0-1"]
[WhiteElo "2258"]
[BlackElo "2143"]
[Annotator "NA"]
[PlyCount "114"]
[EventDate "2018.08.01"]
[EventType "swiss"]
[EventCountry "POL"]
[SourceTitle "playchess.com"]
[Source "ChessBase"]
[SourceQuality "1"]
[TimeControl "40/5400+30:1800+30"]

1. e4 {[%emt 0:00:00]} e5 {[%emt 0:00:00]} 2. Nf3 {[%emt 0:00:00]} Nc6 {[%emt 0:00:00]} 3. Bc4 {[%emt 0:00:13]} Bc5 {[%emt 0:00:00]} 4. c3 {[%emt 0:00:04]} Nf6 {[%emt 0:00:00]} 5. d3 {[%emt 0:00:03]} d6 {[%emt 0:00:41]} 6. O-O {[%emt 0:00:18]} a6 {[%emt 0:01:36]} 7. Bb3 {[%emt 0:00:08]} Ba7 {[%emt 0:00:24]} 8. Nbd2 {[%emt 0:00:43]} h6 {[%emt 0:06:47]} 9. Re1 {[%emt 0:03:57]} O-O {[%emt 0:02:09]} 10. Nf1 {[%emt 0:01:36]} Re8 {[%emt 0:01:11]} 11. Ng3 {[%emt 0:01:34]} Be6 {[%emt 0:00:28]} 12. h3 {[%emt 0:03:05]} d5 {[%emt 0:03:32]} 13. exd5 {[%emt 0:01:35]} Bxd5 {[%emt 0:07:49]} 14. Bc2 {[%emt 0:00:26]} Qd7 {[%emt 0:05:25]} 15. Be3 {[%emt 0:05:27]} Bxe3 {[%emt 0:02:04]} 16. Rxe3 {[%emt 0:00:07]} Rad8 {[%emt 0:16:49]} 17. Qe2 {[%emt 0:03:23]} Qd6 {[%emt 0:13:10]} 18. Nf5 {[%emt 0:04:57]} Qd7 {[%emt 0:00:02]} 19. Ng3 {[%emt 0:01:06]} Bxf3 {[%emt 0:02:38]} 20. Qxf3 {[%emt 0:00:26]} Nd5 {[%emt 0:00:38]} 21. Ree1 {[%emt 0:06:32]} Re6 {[%emt 0:06:21]} 22. Ne4 {[%emt 0:04:28]} b6 {[%emt 0:01:46]} 23. Rad1 {[%emt 0:01:40]} g6 {[%emt 0:07:28]} 24. Bb3 {[%emt 0:05:51]} Kg7 {[%emt 0:00:15]} 25. Bc4 {[%emt 0:04:21]} f5 {[%emt 0:03:27]} 26. Bxa6 {[%emt 0:04:59]} Nde7 {[%emt 0:09:28]} 27. Ng3 {[%emt 0:07:52]} Rd6 {[%emt 0:00:34]} 28. Ra1 {[%emt 0:04:22]} Nb8 {[%emt 0:01:10]} 29. Bc4 {[%emt 0:08:17]} b5 {[%emt 0:00:43]} 30. Bb3 {[%emt 0:00:14]} Rxd3 {[%emt 0:00:34]} 31. Qb7 {[%emt 0:03:32]} Qc6 {[%emt 0:01:57]} 32. Qxc6 {[%emt 0:02:10]} Nbxc6 {[%emt 0:00:05]} 33. Nf1 {[%emt 0:02:59]} Kf6 {[%emt 0:01:31]} 34. a4 {[%emt 0:04:50]} bxa4 {[%emt 0:00:59]} 35. Rxa4 {[%emt 0:00:46]} e4 {[%emt 0:02:43]} 36. Ne3 {[%emt 0:04:56]} Ne5 {[%emt 0:00:20]} 37. Ra6+ {[%emt 0:03:23]} R8d6 {[%emt 0:02:11]} 38. Rea1 {[%emt 0:01:30]} f4 {[%emt 0:00:53]} 39. Nc2 {[%emt 0:02:12]} c5 {[%emt 0:00:34]} 40. Ne1 {[%emt 0:00:00]} Rd2 {[%emt 0:00:00]} 41. Rxd6+ {[%emt 0:09:45]} Rxd6 {[%emt 0:00:54]} 42. Ra4 {[%emt 0:00:44]} c4 {[%emt 0:06:27]} 43. Bc2 {[%emt 0:07:19]} Rd2 {[%emt 0:10:21]} 44. Ra6+ {[%emt 0:02:46]} Kf7 {[%emt 0:00:35]} 45. Ba4 {[%emt 0:12:58]} Rxb2 {[%emt 0:03:03]} 46. Kf1 {[%emt 0:02:38]} Nd5 {[%emt 0:05:27]} 47. Ra5 {[%emt 0:01:01]} Ke6 {[%emt 0:01:22]} 48. Bb5 {[%emt 0:01:56]} Nxc3 {[%emt 0:02:22]} 49. Ra6+ {[%emt 0:00:44]} Kd5 {[%emt 0:00:23]} 50. Be8 {[%emt 0:00:13]} Nd1 {[%emt 0:02:24]} 51. Ra5+ {[%emt 0:00:27]} Kd4 {[%emt 0:00:11]} 52. Ba4 {[%emt 0:00:20]} Rxf2+ {[%emt 0:02:01]} 53. Kg1 {[%emt 0:00:01]} Ra2 {[%emt 0:00:15]} 54. Nc2+ {[%emt 0:00:28]} Kc3 {[%emt 0:00:21]} 55. Ne1 {[%emt 0:01:26]} f3 {[%emt 0:01:05]} 56. Rxe5 {[%emt 0:00:37]} f2+ {[%emt 0:00:15]} 57. Kf1 {[%emt 0:00:02]} Ne3# 0-1

[Event "2nd Irena Warakomska Memorial-A"]
[Site "Suwalki"]
[Date "2018.08.07"]
[Round "8"]
[White "Tomaszewski, Roman"]
[Black "Ulanowski, Karol"]
[Result "1/2-1/2"]
[WhiteElo "2258"]
[BlackElo "2149"]
[Annotator "NA"]
[PlyCount "118"]
[EventDate "2018.08.01"]
[EventType "swiss"]
[EventCountry "POL"]
[SourceTitle "playchess.com"]
[Source "ChessBase"]
[SourceQuality "1"]
[TimeControl "40/5400+30:1800+30"]

1. c4 {[%emt 0:00:00]} Nf6 {[%emt 0:00:00]} 2. Nc3 {[%emt 0:00:00]} g6 {[%emt 0:00:00]} 3. g3 {[%emt 0:00:00]} Bg7 {[%emt 0:00:00]} 4. Bg2 {[%emt 0:00:00]} O-O {[%emt 0:00:02]} 5. e4 {[%emt 0:00:10]} e5 {[%emt 0:00:05]} 6. d3 {[%emt 0:00:09]} c6 {[%emt 0:01:04]} 7. Nge2 Na6 {[%emt 0:02:21]} 8. O-O {[%emt 0:14:48]} Nc7 {[%emt 0:02:46]} 9. d4 {[%emt 0:08:28]} d6 {[%emt 0:01:17]} 10. h3 {[%emt 0:16:25]} b5 {[%emt 0:08:25]} 11. c5 b4 {[%emt 0:00:06]} 12. cxd6 {[%emt 0:04:45]} Qxd6 13. dxe5 {[%emt 0:20:46]} Qxe5 {[%emt 0:01:04]} 14. Bf4 {[%emt 0:00:03]} Qa5 {[%emt 0:00:49]} 15. Qa4 {[%emt 0:00:05]} Qxa4 {[%emt 0:01:18]} 16. Nxa4 {[%emt 0:00:56]} Nb5 {[%emt 0:03:31]} 17. Rac1 {[%emt 0:00:12]} Be6 {[%emt 0:21:05]} 18. b3 {[%emt 0:07:01]} Rac8 {[%emt 0:03:02]} 19. Bd2 {[%emt 0:02:00]} a5 {[%emt 0:07:03]} 20. Be3 {[%emt 0:10:02]} Rfd8 21. Nb6 Rc7 {[%emt 0:02:10]} 22. Bf4 {[%emt 0:00:44]} Rb7 {[%emt 0:01:07]} 23. Rxc6 {[%emt 0:01:14]} Na7 24. Rc7 Rxc7 {[%emt 0:03:18]} 25. Bxc7 {[%emt 0:00:33]} Rd2 {[%emt 0:00:06]} 26. Nf4 {[%emt 0:03:46]} Rxa2 {[%emt 0:11:29]} 27. Rd1 {[%emt 0:04:50]} Bf8 {[%emt 0:00:05]} 28. Nxe6 {[%emt 0:02:14]} fxe6 29. e5 Ne8 {[%emt 0:01:39]} 30. Bb8 {[%emt 0:00:33]} Nb5 31. Bc6 {[%emt 0:02:34]} Nec7 {[%emt 0:01:15]} 32. Rd8 Rc2 {[%emt 0:06:41]} 33. Be4 {[%emt 0:01:02]} Rc1+ {[%emt 0:00:23]} 34. Kg2 {[%emt 0:00:03]} Kg7 {[%emt 0:01:57]} 35. Rd7+ {[%emt 0:00:39]} Kg8 36. h4 {[%emt 0:00:59]} Na6 {[%emt 0:07:54]} 37. Rd8 {[%emt 0:02:34]} Kf7 38. Bd6 Nxd6 {[%emt 0:04:25]} 39. exd6 {[%emt 0:00:31]} Rd1 {[%emt 0:00:12]} 40. Rd7+ Kf6 {[%emt 0:00:00]} 41. Ra7 {[%emt 0:01:05]} Nc5 42. Nd7+ {[%emt 0:22:25]} Nxd7 {[%emt 0:03:56]} 43. Rxd7 {[%emt 0:00:00]} h5 {[%emt 0:12:49]} 44. Ra7 Bxd6 {[%emt 0:00:04]} 45. Rxa5 {[%emt 0:00:33]} Rd2 46. Rg5 {[%emt 0:03:12]} Rb2 {[%emt 0:00:34]} 47. Bxg6 {[%emt 0:00:30]} Rxb3 {[%emt 0:00:13]} 48. Bxh5 Be5 {[%emt 0:03:56]} 49. Rg6+ {[%emt 0:02:56]} Ke7 50. Rg4 {[%emt 0:01:13]} Rb2 {[%emt 0:01:05]} 51. Re4 {[%emt 0:00:21]} Bc3 {[%emt 0:00:42]} 52. Bg4 {[%emt 0:00:45]} e5 {[%emt 0:00:05]} 53. Bf5 Bd4 54. g4 {[%emt 0:02:35]} Rxf2+ {[%emt 0:01:15]} 55. Kg3 {[%emt 0:00:01]} Rf1 {[%emt 0:00:11]} 56. Kg2 Rc1 {[%emt 0:01:56]} 57. g5 {[%emt 0:01:49]} b3 58. Rg4 {[%emt 0:02:05]} Kf8 {[%emt 0:08:45]} 59. Rg3 Rg1+ 1/2-1/2

[Event "2nd Irena Warakomska Memorial-A"]
[Site "Suwalki"]
[Date "2018.08.07"]
[Round "8"]
[White "Mulet, Piotr"]
[Black "Harshini, A."]
[Result "0-1"]
[WhiteElo "2238"]
[BlackElo "2124"]
[Annotator "NA"]
[PlyCount "48"]
[EventDate "2018.08.01"]
[EventType "swiss"]
[EventCountry "POL"]
[SourceTitle "playchess.com"]
[Source "ChessBase"]
[SourceQuality "1"]
[TimeControl "40/5400+30:1800+30"]

1. e4 {[%emt 0:00:00]} e5 {[%emt 0:00:00]} 2. f4 {[%emt 0:00:00]} Nc6 {[%emt 0:00:52]} 3. Nf3 {[%emt 0:01:39]} d6 {[%emt 0:01:37]} 4. Bc4 {[%emt 0:03:30]} Bg4 {[%emt 0:01:38]} 5. O-O {[%emt 0:03:33]} Qd7 {[%emt 0:00:22]} 6. h3 {[%emt 0:03:44]} Bxf3 {[%emt 0:01:07]} 7. Qxf3 {[%emt 0:00:07]} O-O-O {[%emt 0:00:29]} 8. d3 {[%emt 0:04:39]} Kb8 {[%emt 0:01:45]} 9. Nc3 {[%emt 0:02:18]} f5 {[%emt 0:02:06]} 10. fxe5 {[%emt 0:03:09]} Nd4 {[%emt 0:05:08]} 11. Qf2 {[%emt 0:00:34]} dxe5 {[%emt 0:00:05]} 12. exf5 {[%emt 0:00:32]} Bc5 {[%emt 0:01:18]} 13. Be3 {[%emt 0:00:29]} Rf8 {[%emt 0:02:35]} 14. g4 {[%emt 0:22:01]} h5 {[%emt 0:00:35]} 15. Ne4 {[%emt 0:00:14]} Bb6 {[%emt 0:01:56]} 16. c3 {[%emt 0:00:09]} hxg4 {[%emt 0:17:19]} 17. cxd4 {[%emt 0:06:26]} Rxh3 {[%emt 0:00:15]} 18. Nc5 {[%emt 0:04:12]} Bxc5 {[%emt 0:02:16]} 19. dxc5 {[%emt 0:00:08]} Ne7 {[%emt 0:00:09]} 20. Rae1 {[%emt 0:08:13]} Rfh8 {[%emt 0:01:00]} 21. Qg2 {[%emt 0:00:21]} Nxf5 {[%emt 0:00:49]} 22. Bf2 {[%emt 0:02:41]} g3 {[%emt 0:02:17]} 23. Be3 {[%emt 0:00:15]} Nxe3 {[%emt 0:00:21]} 24. Rxe3 {[%emt 0:00:11]} Rh1+ {[%emt 0:00:03]} 0-1

[Event "2nd Irena Warakomska Memorial-A"]
[Site "Suwalki"]
[Date "2018.08.07"]
[Round "8"]
[White "Bukojemski, Adam"]
[Black "Popiol, Michal"]
[Result "0-1"]
[WhiteElo "2233"]
[BlackElo "2126"]
[Annotator "NA"]
[PlyCount "128"]
[EventDate "2018.08.01"]
[EventType "swiss"]
[EventCountry "POL"]
[SourceTitle "playchess.com"]
[Source "ChessBase"]
[SourceQuality "1"]
[TimeControl "40/5400+30:1800+30"]

1. e4 {[%emt 0:00:00]} e6 {[%emt 0:00:00]} 2. d4 {[%emt 0:00:00]} d5 {[%emt 0:00:00]} 3. Nc3 {[%emt 0:00:00]} Nf6 {[%emt 0:00:00]} 4. e5 {[%emt 0:00:13]} Nfd7 {[%emt 0:00:00]} 5. f4 {[%emt 0:00:07]} c5 {[%emt 0:00:00]} 6. Nf3 {[%emt 0:00:08]} Nc6 {[%emt 0:00:02]} 7. Be3 {[%emt 0:00:08]} a6 {[%emt 0:00:28]} 8. Qd2 {[%emt 0:00:37]} b5 {[%emt 0:00:05]} 9. dxc5 {[%emt 0:00:41]} Bxc5 {[%emt 0:00:06]} 10. Bd3 {[%emt 0:00:28]} Qb6 {[%emt 0:00:24]} 11. Bf2 {[%emt 0:00:35]} Ra7 {[%emt 0:15:20]} 12. O-O {[%emt 0:01:33]} Bxf2+ {[%emt 0:01:20]} 13. Rxf2 {[%emt 0:00:09]} Nc5 {[%emt 0:04:23]} 14. a3 {[%emt 0:06:11]} b4 {[%emt 0:05:24]} 15. axb4 {[%emt 0:02:24]} Qxb4 {[%emt 0:01:49]} 16. f5 {[%emt 0:03:01]} exf5 {[%emt 0:06:20]} 17. Nxd5 {[%emt 0:04:02]} Qxd2 {[%emt 0:03:48]} 18. Rxd2 {[%emt 0:01:22]} Be6 {[%emt 0:01:25]} 19. c4 {[%emt 0:02:48]} Nb3 {[%emt 0:03:01]} 20. Rdd1 {[%emt 0:03:38]} Nxa1 {[%emt 0:00:27]} 21. Rxa1 {[%emt 0:00:02]} O-O {[%emt 0:00:51]} 22. Bc2 {[%emt 0:02:32]} Rb8 {[%emt 0:02:13]} 23. Ba4 {[%emt 0:00:39]} Nb4 {[%emt 0:12:48]} 24. Nxb4 {[%emt 0:05:52]} Rxb4 {[%emt 0:00:06]} 25. b3 {[%emt 0:00:04]} g6 {[%emt 0:02:28]} 26. Rd1 {[%emt 0:00:37]} Rbb7 {[%emt 0:02:18]} 27. Rd8+ {[%emt 0:01:47]} Kg7 {[%emt 0:00:08]} 28. Rd6 {[%emt 0:11:25]} Bd7 {[%emt 0:01:47]} 29. Bxd7 {[%emt 0:00:02]} Rxd7 {[%emt 0:00:05]} 30. c5 {[%emt 0:00:04]} Re7 {[%emt 0:06:15]} 31. Nd4 {[%emt 0:03:18]} Rac7 {[%emt 0:02:39]} 32. b4 {[%emt 0:01:02]} a5 {[%emt 0:06:05]} 33. Nc6 {[%emt 0:00:51]} Rxc6 {[%emt 0:02:03]} 34. Rxc6 {[%emt 0:00:01]} axb4 {[%emt 0:00:05]} 35. Rb6 {[%emt 0:01:34]} Rxe5 {[%emt 0:00:08]} 36. Rxb4 {[%emt 0:01:27]} Rxc5 {[%emt 0:00:06]} 37. Kf2 {[%emt 0:00:16]} Re5 {[%emt 0:06:51]} 38. Kf3 {[%emt 0:01:01]} Kf6 {[%emt 0:00:34]} 39. Ra4 {[%emt 0:01:21]} h6 {[%emt 0:02:15]} 40. h3 {[%emt 0:00:00]} g5 {[%emt 0:00:00]} 41. Ra8 {[%emt 0:03:52]} Kg7 {[%emt 0:05:07]} 42. Rb8 {[%emt 0:02:36]} Ra5 {[%emt 0:01:24]} 43. Rb6 {[%emt 0:00:13]} h5 {[%emt 0:07:12]} 44. Rb3 {[%emt 0:01:24]} Re5 {[%emt 0:04:58]} 45. Rb8 {[%emt 0:00:21]} Ra5 {[%emt 0:03:48]} 46. Rb3 {[%emt 0:00:37]} h4 {[%emt 0:00:26]} 47. Rb4 {[%emt 0:02:32]} Ra3+ {[%emt 0:00:59]} 48. Kf2 {[%emt 0:00:02]} Rg3 {[%emt 0:02:06]} 49. Rb5 {[%emt 0:00:18]} Kg6 {[%emt 0:03:19]} 50. Rb6+ {[%emt 0:00:26]} f6 {[%emt 0:01:05]} 51. Rb8 {[%emt 0:00:04]} g4 {[%emt 0:00:45]} 52. Rg8+ {[%emt 0:01:12]} Kf7 {[%emt 0:00:22]} 53. Rh8 {[%emt 0:00:16]} gxh3 {[%emt 0:00:32]} 54. gxh3 {[%emt 0:00:17]} Rxh3 {[%emt 0:00:11]} 55. Rh7+ {[%emt 0:00:39]} Kg6 {[%emt 0:01:27]} 56. Rh8 {[%emt 0:00:03]} Kg5 {[%emt 0:00:08]} 57. Kg2 {[%emt 0:00:12]} Rg3+ {[%emt 0:00:15]} 58. Kh2 {[%emt 0:00:13]} f4 {[%emt 0:02:07]} 59. Rg8+ {[%emt 0:00:23]} Kf5 {[%emt 0:00:06]} 60. Rh8 {[%emt 0:00:04]} Rg4 {[%emt 0:01:13]} 61. Rh5+ {[%emt 0:00:58]} Ke4 {[%emt 0:00:08]} 62. Kh3 {[%emt 0:00:08]} f5 {[%emt 0:00:12]} 63. Rh8 {[%emt 0:00:05]} f3 {[%emt 0:00:27]} 64. Re8+ {[%emt 0:00:31]} Kf4 {[%emt 0:00:30]} 0-1

[Event "2nd Irena Warakomska Memorial-A"]
[Site "Suwalki"]
[Date "2018.08.07"]
[Round "8"]
[White "Godzwon, Iwo"]
[Black "Cukrowski, Filip"]
[Result "1/2-1/2"]
[WhiteElo "2222"]
[BlackElo "2404"]
[Annotator "NA"]
[PlyCount "53"]
[EventDate "2018.08.01"]
[EventType "swiss"]
[EventCountry "POL"]
[SourceTitle "playchess.com"]
[Source "ChessBase"]
[SourceQuality "1"]
[TimeControl "40/5400+30:1800+30"]

1. e4 {[%emt 0:00:00]} c5 {[%emt 0:01:36]} 2. Nf3 {[%emt 0:00:00]} Nc6 {[%emt 0:00:06]} 3. d4 {[%emt 0:00:00]} cxd4 {[%emt 0:00:08]} 4. Nxd4 {[%emt 0:00:00]} g6 {[%emt 0:00:07]} 5. Nc3 {[%emt 0:01:13]} Bg7 {[%emt 0:00:12]} 6. Be3 {[%emt 0:00:03]} Nf6 {[%emt 0:00:43]} 7. Bc4 {[%emt 0:00:09]} Qa5 {[%emt 0:00:16]} 8. O-O {[%emt 0:00:33]} O-O {[%emt 0:00:33]} 9. Bb3 {[%emt 0:00:38]} d6 {[%emt 0:01:01]} 10. h3 {[%emt 0:00:06]} Bd7 {[%emt 0:08:18]} 11. Re1 {[%emt 0:04:42]} Rac8 {[%emt 0:11:20]} 12. f4 {[%emt 0:04:17]} Rfd8 {[%emt 0:18:07]} 13. Qf3 {[%emt 0:07:04]} Qh5 {[%emt 0:27:42]} 14. Qf2 {[%emt 0:05:45]} Na5 {[%emt 0:03:49]} 15. e5 {[%emt 0:07:00]} dxe5 {[%emt 0:00:41]} 16. fxe5 {[%emt 0:00:03]} Qxe5 {[%emt 0:00:07]} 17. Nf3 {[%emt 0:00:26]} Qh5 {[%emt 0:01:24]} 18. Bxa7 {[%emt 0:02:14]} Nxb3 {[%emt 0:00:06]} 19. axb3 {[%emt 0:00:48]} Nd5 {[%emt 0:03:47]} 20. Nxd5 {[%emt 0:08:34]} Qxd5 {[%emt 0:00:06]} 21. c4 {[%emt 0:01:21]} Qf5 {[%emt 0:01:37]} 22. Bb6 {[%emt 0:02:11]} Re8 {[%emt 0:02:25]} 23. Ra5 {[%emt 0:00:36]} Qf4 {[%emt 0:01:54]} 24. Be3 {[%emt 0:02:59]} Qc7 {[%emt 0:00:37]} 25. Bb6 {[%emt 0:00:15]} Qf4 {[%emt 0:01:03]} 26. Be3 {[%emt 0:00:33]} Qc7 {[%emt 0:04:36]} 27. Bb6 {[%emt 0:14:49]} 1/2-1/2